| 000 | 00612nam 22001933 4500 | ||
|---|---|---|---|
| 001 | 201595 | ||
| 090 | _a201595 | ||
| 100 | _a20260331d u||y0pory50 ba | ||
| 200 |
_aEmpare(dar) _fManuel Cintra |
||
| 210 |
_aLisboa _c& etc _dimp. 1984 |
||
| 215 |
_a23, [4] p. _cil. ; brochado _d18 cm |
||
| 225 | _aSubterrâneo três | ||
| 300 | _aContém dedicatória do Manuel Cintra e tem algumas notas do Prof. Dr. Almeida Faria | ||
| 606 |
_96 _aLiteratura Portuguesa |
||
| 675 |
_a821.134.3-3 _vPT _zpor |
||
| 700 |
_912782 _aCintra _bManuel _f1956-2020 |
||
| 801 |
_aPT _bBMMN _gRPC |
||
| 830 |
_cAna Falardo _fAna Falardo |
||
| 990 | _cLIVROS | ||